<?xml version="1.0" encoding="UTF-8"?>
<record
    xmlns:xsi="http://www.w3.org/2001/XMLSchema-instance"
    xsi:schemaLocation="http://www.loc.gov/MARC21/slim http://www.loc.gov/standards/marcxml/schema/MARC21slim.xsd"
    xmlns="http://www.loc.gov/MARC21/slim">

  <leader>02127nam a2200517 a 4500</leader>
  <controlfield tag="001">77735</controlfield>
  <controlfield tag="003">UkOxU</controlfield>
  <controlfield tag="005">20211209083021.0</controlfield>
  <controlfield tag="008">200104s1902    enkh          000 0 eng d</controlfield>
  <datafield tag="035" ind1=" " ind2=" ">
    <subfield code="a">ocm00367599</subfield>
  </datafield>
  <datafield tag="040" ind1=" " ind2=" ">
    <subfield code="a">WSU</subfield>
    <subfield code="d">m.c</subfield>
    <subfield code="b">eng</subfield>
    <subfield code="c">BD-RjUL</subfield>
  </datafield>
  <datafield tag="041" ind1=" " ind2=" ">
    <subfield code="a">eng</subfield>
  </datafield>
  <datafield tag="082" ind1=" " ind2=" ">
    <subfield code="2">23</subfield>
    <subfield code="a">820.8</subfield>
    <subfield code="b">LAU 1902</subfield>
  </datafield>
  <datafield tag="245" ind1="0" ind2="4">
    <subfield code="a">The Laud Troy book :</subfield>
    <subfield code="b">a romance of about 1400 A.D. /</subfield>
    <subfield code="c">now first edited from the unique ms. (Laud Misc. 595) in the Bodleian Library, Oxford, with introduction, notes, and glossary by J. Ernst W&#xFC;lfing.</subfield>
  </datafield>
  <datafield tag="260" ind1=" " ind2=" ">
    <subfield code="a">London :</subfield>
    <subfield code="b">Published for the Early English Text Society, by Kegan Paul, Trench, Tr&#xFC;bner &amp; Co., Ltd,</subfield>
    <subfield code="c">1902.</subfield>
  </datafield>
  <datafield tag="300" ind1=" " ind2=" ">
    <subfield code="a">549 p. :</subfield>
    <subfield code="b">facsim. ;</subfield>
    <subfield code="c">23 cm.</subfield>
  </datafield>
  <datafield tag="490" ind1="1" ind2=" ">
    <subfield code="a">Original series / Early English Text society ;</subfield>
    <subfield code="v">121-122</subfield>
  </datafield>
  <datafield tag="651" ind1=" " ind2="0">
    <subfield code="a">Troy (Extinct city)</subfield>
    <subfield code="v">Legends.</subfield>
    <subfield code="9">243214</subfield>
  </datafield>
  <datafield tag="700" ind1="1" ind2=" ">
    <subfield code="a">W&#xFC;lfing, J. Ernst.</subfield>
    <subfield code="9">204035</subfield>
  </datafield>
  <datafield tag="830" ind1=" " ind2="0">
    <subfield code="a">Early English Text Society (Series).</subfield>
    <subfield code="v">no.121-122.</subfield>
    <subfield code="9">243225</subfield>
  </datafield>
  <datafield tag="942" ind1=" " ind2=" ">
    <subfield code="2">ddc</subfield>
    <subfield code="c">BK</subfield>
  </datafield>
  <datafield tag="999" ind1=" " ind2=" ">
    <subfield code="c">77735</subfield>
    <subfield code="d">77735</subfield>
  </datafield>
  <datafield tag="952" ind1=" " ind2=" ">
    <subfield code="0">0</subfield>
    <subfield code="1">0</subfield>
    <subfield code="2">ddc</subfield>
    <subfield code="4">0</subfield>
    <subfield code="7">1</subfield>
    <subfield code="a">RUCL</subfield>
    <subfield code="b">RUCL</subfield>
    <subfield code="c">Reference</subfield>
    <subfield code="d">2021-01-04</subfield>
    <subfield code="l">0</subfield>
    <subfield code="o">820.8 LAU 1902</subfield>
    <subfield code="r">2021-01-04 00:00:00</subfield>
    <subfield code="t">C-1</subfield>
    <subfield code="w">2021-01-04</subfield>
    <subfield code="y">BK</subfield>
  </datafield>
</record>
